000 00852cab a2200253 4500
001 ABS48436
008 090401t1993 xxu||||| |||| 00| 0 eng d
035 _a(Sirsi) u66699
041 _aeng
100 _aRoper, C.
245 _aSpatial Interaction Modelling helps W.H. Smith pick better store sites
260 _c1993
350 _a0
490 _aGIS Europe
_v(19) March 1993, 40-41(2)
520 _aDetails the GMAP system being used by WH Smith to forecast sales by product group; to identify towns with opportunities for W H Smith and to assess the impact of a new branch on existing branches.
650 _aCOMPUTER MODELLING
650 _aGIS
650 _aRETAIL LOCATIONS
650 _aRETAILING
690 _aMANAGEMENT-BUSINESS MANAGEMENT-INFORMATION MANAGEMENT
690 _aMAPPING
942 _n0
948 _c04/03/1997
999 _c41667
_d41667